| 000 | 00706nam a2200241 a 4500 | ||
|---|---|---|---|
| 001 | BRCA_3988 | ||
| 005 | 20190320204513.0 | ||
| 008 | 150110s1955----po-a######---#000-0#por-# | ||
| 041 | _apor | ||
| 044 | _apo | ||
| 050 | 4 |
_aN3215 _b.R45 2 1955 |
|
| 245 | 1 | 0 | _aRelacão de obras de arte oferecidas em 1954 e 1955. |
| 260 |
_aCaramulo, Portugal _bMuseu do Caramulo _c1955 |
||
| 300 |
_a29 p. _bil., 23 láminas _c19 cm. |
||
| 500 | _aVer también CDE68 y CDE70 | ||
| 500 | _aCDE69 | ||
| 650 | 1 | 4 |
_aArte _zCaramulo, Portugal _910366 |
| 650 | 1 | 4 |
_aArte _zPortugal _910367 |
| 650 | 1 | 4 |
_aGalerías y museos _zPortugal _910368 |
| 710 | 2 |
_aMuseu do Caramulo (Portugal) _910369 |
|
| 902 | _aGFM | ||
| 942 |
_2lcc _cB |
||
| 999 |
_c3714 _d3714 |
||